1839 1665 1403 1143 1438 1689 1082 1963 1057 1552 1752 1327 1919 1437 1459 1880 1510 1819 1385 1223 1175 1145 1821 1400 1246 1963 1613 1080 1880 1146 1138 1636 1570 1562 1416 1778 1699 1850 1030 1398 1201 1274 1651 1345 1872 1868 1518 1659 1960 1042 1006 1968 1743 1224 1066 1049 1983 1082 1678 1163 1921 1560 1536 1526 1440 1871 1389 1151 1655 1905 1999 1991 1277 1615 1501 1505 1810 1860 1283 1841 1955 1169 1549 1475 1697 1927 1334 1676 1990 1567 1068 1912 1137 1223 1156 1144 1775 1454 1635 BCNSPRNW ULIB Ver.6.0+V

เปลี่ยนเป็นภาษาไทย

Change to English
 แสดงรายละเอียดบรรณานุกรม
  กลับหน้าหลัก

Brief Record : Get Marc (ISO 2709) : E-mail record : QR code < ปิดหน้าต่าง
LEADER : 00000nam 2200000uu 4500
001    13399108182
003     ULIB
008    110220s2548||||th 000 0 tha d
060  4 WY18.2^bว587อ 2548
110 1  วิทยาลัยพยาบาลเครือข่ายภาคกลาง
245 00 สาระทบทวน วิชา การพยาบาลอนามัยชุมชนและรักษาเบื้องต้น/^cวิทยาลัยพยาบาลเครือข่ายภาคกลาง
250    พิมพ์ครั้งที่ 1
260    กรุงเทพฯ:^bวิทยาลัยพยาบาลเครือข่ายภาคกลาง,^c2548
300    147
650  7 การพยาบาลอนามัยชุมชน^xคำถามและคำตอบ
945    ^p0^l0^i016680
945    ^p0^l0^i016678
945    ^p0^l0^i016676
945    ^p0^l0^i019186
945    ^p0^l0^i016679
945    ^p0^l0^i016677
995    ทศพร
999 ^a ใช้งานได้ทุกระบบ
รายการนี้ยังไม่มีแท็ก
คุณยังไม่ได้ล็อกอิน คุณสามารถมีกิจกรรมร่วมกับเว็บไซต์ได้ แต่ต้องล็อกอินก่อน ::
  ล็อกอิน

รายการสื่อสารสนเทศ

ลำดับที่ ประเภท เลขเรียก/บาร์โค้ด สถานที่ สถานะ
- ไม่พบข้อมูล -

BibComment


ยังไม่เคยถูกคอมเมนท์

คอมเมนท์ทรัพยากรรายการนี้
  คอมเมนท์: สาระทบทวน วิชา กา..


 Copyright 2026. Bcnsprnw @Library